000 00430nam a2200145Ia 4500
008 230312s9999||||xx |||||||||||||| ||und||
082 _a612.76
_bNOR-B
100 _aNordin;Margareta
245 0 _aBasic Biomechanics of the Musculoskeletal System
260 _bLippincott Williams& Wilkins
_aLondon
_c0
300 _a467
546 _aEng.
650 _aPhysiotherapy
_vBasic Biomechanics of the Musculoskeletal System
942 _cBK
999 _c9015
_d9015